Vở bài tập tiếng Việt 1

Sách hướng dẫn các em nhận dạng, nối các hình với vần, chữ cái đơn giản, tô và viết chữ theo mẫu. Giúp các em được luyện tập nhiều hơn và nâng cao hiệu qủa học môn Tiếng Việt.

Đã lưu trong:
書目詳細資料
格式: 圖書
語言:Undetermined
出版: Hà Nội Giáo dục 2010
主題:
標簽: 添加標簽
沒有標簽, 成為第一個標記此記錄!
Thư viện lưu trữ: Trung tâm Học liệu Trường Đại học Cần Thơ
LEADER 00949nam a2200205Ia 4500
001 CTU_158164
008 210402s9999 xx 000 0 und d
020 |c 4200 
082 |a 372.6076 
082 |b V460/T.1/L.1 
245 0 |a Vở bài tập tiếng Việt 1 
245 0 |c Đặng Thị Lanh, Hoàng Cao Cương, Trần Thị Minh Phương (biên soạn) 
260 |a Hà Nội 
260 |b Giáo dục 
260 |c 2010 
520 |a Sách hướng dẫn các em nhận dạng, nối các hình với vần, chữ cái đơn giản, tô và viết chữ theo mẫu. Giúp các em được luyện tập nhiều hơn và nâng cao hiệu qủa học môn Tiếng Việt. 
650 |a Vietnamese language 
650 |x Study and teaching (Elementary) 
904 |i Phan Thị Kim Lan (Đào Thị Bé Ba) 
980 |a Trung tâm Học liệu Trường Đại học Cần Thơ